La controversia constitucional /
Shranjeno v:
| Glavni avtor: | |
|---|---|
| Format: | Knjiga |
| Jezik: | španščina |
| Izdano: |
México :
UNAM, Facultad de Derecho,
2003, c2003
|
| Teme: | |
| Oznake: |
Brez oznak, prvi označite!
|
MARC
| LEADER | 00000nam^a2200000^a^4500 | ||
|---|---|---|---|
| 001 | 000174301 | ||
| 005 | 20250521000000.0 | ||
| 009 | 20260310101526.022 | ||
| 020 | |a 970-32-0140-7 | ||
| 037 | |a Acervo ITESO - Biblioteca | ||
| 041 | |a ESP | ||
| 082 | |a 347. 7209 |b ARM | ||
| 100 | |a Armenta López, Leonel A. |e (autor) | ||
| 245 | 1 | 3 | |a La controversia constitucional / |c L.A. Armenta López. |
| 264 | 4 | |a México : |b UNAM, Facultad de Derecho, |c 2003, c2003 | |
| 300 | |a 1 folleto (9 p.) | ||
| 336 | |a texto |b txt |2 rdacontenido | ||
| 337 | |a sin mediación |b n |2 rdamedio | ||
| 338 | |a volumen |b nc |2 rdasoporte | ||
| 649 | |a XX | ||
| 650 | |a Recurso de Inconstitucionalidad - |z México | ||
| 650 | |a Acciones y Defensas - |z México | ||
| 650 | |a Derecho Procesal - |z México | ||
| 650 | |a Derecho Constitucional - |z México | ||
| 650 | |a Derecho Público - |z México | ||
| 910 | |a Fondo General | ||
| 920 | |a Impresos - Libros | ||
| 930 | |a Colección General | ||
| 905 | |a 101 | ||
| 901 | |a 0500111973 |b IT1 |c ACC |u 20250521 | ||
| 902 | |a https://opac.biblio.iteso.mx/vufind/Record/000174301 | ||